00285nam a2200121Ia 4500008004100000082001500041100001700056245003600073250000800109260003000117300000800147650000800155191201s2011 xx 000 0 und d a658.3bDET aDEB, Tapomoy 0aTraining & Development Concepts aRep aN. DelhibAne Booksc2011 a241 aBBA